[Event "Mazowiec-chT 1617"]
[Site "Warsaw"]
[Date "2017.02.05"]
[Round "9.19"]
[White "Sentowski, Sebastian"]
[Black "Bartczak, Hanna"]
[Result "0-1"]
[WhiteElo "1727"]
[BlackElo "1514"]
[PlyCount "92"]
[EventDate "2016.12.11"]
[EventType "team-tourn"]
[EventRounds "10"]
[EventCountry "POL"]
[SourceTitle "EXT 2019"]
[Source "ChessBase"]
[SourceDate "2018.10.10"]
[SourceVersion "1"]
[SourceVersionDate "2018.10.10"]
[SourceQuality "1"]

1. d4 d6 2. e3 Nf6 3. Nf3 g6 4. c4 Bg7 5. Bd3 0-0 6. 0-0 Nc6 7. Nc3 e5 8. d5 Ne7 9. e4 Nd7 10. Bg5 h6 11. Be3 Nc5 12. Ne1 Nxd3 13. Nxd3 f5 14. f3 f4 15. Bf2 g5 16. g4 fxg3 17. hxg3 Bh3 18. Re1 Bd7 19. Kg2 Ng6 20. Rh1 Qf6 21. Qe2 a6 22. a4 Rf7 23. Be3 Raf8 24. Raf1 Qd8 25. b4 Qc8 26. Qd2 g4 27. f4 exf4 28. Nxf4 Ne5 29. Qe2 Nf3 30. Rc1 Qe8 31. Qd3 Re7 32. Nfe2 Ne5 33. Qd4 Qf7 34. Bf4 Ng6 35. Qe3 Nxf4+ 36. Nxf4 Re5 37. Rcf1 Qe8 38. b5 axb5 39. axb5 Rg5 40. Nce2 Qe5 41. Nd3 Qe7 42. Nef4 Re8 43. Re1 c5 44. bxc6 bxc6 45. Nb4 c5 46. Nbd3 Bf5 0-1

[Event "Warsaw YMCA Spring-C 169th"]
[Site "Warsaw"]
[Date "2016.04.20"]
[Round "3"]
[White "Kalejta, Arkadiusz"]
[Black "Sentowski, Sebastian"]
[Result "1-0"]
[WhiteElo "1578"]
[BlackElo "1698"]
[PlyCount "131"]
[EventDate "2016.04.06"]
[EventType "tourn"]
[EventRounds "13"]
[EventCountry "POL"]
[SourceTitle "EXT 2019"]
[Source "ChessBase"]
[SourceDate "2018.10.10"]
[SourceVersion "1"]
[SourceVersionDate "2018.10.10"]
[SourceQuality "1"]

1. e4 c6 2. d4 d5 3. e5 Bf5 4. Nf3 e6 5. Be2 c5 6. 0-0 Nc6 7. c3 Qb6 8. dxc5 Bxc5 9. b4 Be7 10. Be3 Qc7 11. Qa4 Nh6 12. b5 Qa5 13. Qb3 Nd8 14. Nbd2 Ng4 15. Bd4 h5 16. c4 dxc4 17. Nxc4 Qb4 18. Bc3 Qc5 19. h3 Nh6 20. a3 0-0 21. Bb4 Qc7 22. Rac1 Bxb4 23. Qxb4 b6 24. Nd6 Qe7 25. Nd4 Qg5 26. N4xf5 Nxf5 27. Bf3 Rb8 28. Rfd1 Nh4 29. Qe4 Nxf3+ 30. Qxf3 Qxe5 31. Rc7 f6 32. Rxa7 Nf7 33. Nxf7 Rxf7 34. Rxf7 Kxf7 35. Qd3 Rb7 36. Qb3 g6 37. a4 Qe4 38. Rc1 Ra7 39. Ra1 Qd4 40. Qa2 Ke7 41. Qa3+ Kf7 42. Qa2 Qb4 43. Kf1 Ke7 44. Qc2 Qd4 45. Rd1 Qxa4 46. Qd3 Kf7 47. Re1 Qb4 48. Rb1 Qf4 49. Kg1 Qe5 50. Rd1 Qc7 51. Qb3 Qe7 52. Re1 Ra3 53. Qc4 Ra5 54. Qc6 e5 55. Qxb6 Qb4 56. Qc7+ Ke6 57. Qc8+ Ke7 58. Qc7+ Ke6 59. Qc8+ Ke7 60. Rd1 Qxb5 61. Qd8+ Kf7 62. Rd7+ Ke6 63. Rd6+ Kf7 64. Rxf6+ Kg7 65. Qf8+ Kh7 66. Rf7# 1-0

[Event "Mazowiec-chT 1314"]
[Site "Poland"]
[Date "2014.02.09"]
[Round "8.14"]
[White "Moscicka, Pola"]
[Black "Sentowski, Sebastian"]
[Result "0-1"]
[WhiteElo "1538"]
[BlackElo "1554"]
[PlyCount "60"]
[EventDate "2014.01.12"]
[EventType "team-tourn"]
[EventRounds "10"]
[EventCountry "POL"]
[SourceTitle "EXT 2019"]
[Source "ChessBase"]
[SourceDate "2018.10.10"]
[SourceVersion "1"]
[SourceVersionDate "2018.10.10"]
[SourceQuality "1"]

1. c4 e6 2. d4 d5 3. cxd5 exd5 4. Nc3 Nf6 5. Bg5 c6 6. e3 Qb6 7. Bxf6 Qxb2 8. Rc1 Bb4 9. Nge2 gxf6 10. Qc2 Qxc2 11. Rxc2 Bf5 12. Rb2 a5 13. Kd2 b5 14. Ng3 Bg6 15. Bd3 Nd7 16. Rb3 Nb6 17. a3 Nc4+ 18. Bxc4 dxc4 19. Rb2 Bxa3 20. Ra2 Bb4 21. Rha1 Bd3 22. Rc1 Ke7 23. Kd1 Bxc3 24. Rxc3 b4 25. Rc1 b3 26. Rb2 a4 27. Ra1 a3 28. Rd2 b2 29. Rxb2 axb2 30. Rxa8 b1Q+ 0-1

[Event "Mazowiec-chT 1314"]
[Site "Poland"]
[Date "2014.01.19"]
[Round "3.9"]
[White "Sentowski, Sebastian"]
[Black "Laszczak, Przemyslaw"]
[Result "1-0"]
[WhiteElo "1554"]
[BlackElo "1579"]
[PlyCount "80"]
[EventDate "2014.01.12"]
[EventType "team-tourn"]
[EventRounds "10"]
[EventCountry "POL"]
[SourceTitle "EXT 2019"]
[Source "ChessBase"]
[SourceDate "2018.10.10"]
[SourceVersion "1"]
[SourceVersionDate "2018.10.10"]
[SourceQuality "1"]

1. d4 d5 2. c4 c6 3. cxd5 cxd5 4. Nc3 Bf5 5. Qb3 Nc6 6. e3 Nf6 7. Qxb7 Na5 8. Bb5+ Bd7 9. Bxd7+ Nxd7 10. Qxd5 e6 11. Qb5 Rb8 12. Qa6 Rb7 13. Nge2 Bb4 14. 0-0 0-0 15. a3 Bxc3 16. Nxc3 Nb8 17. Qd3 Nb3 18. Rb1 Qg5 19. Ne4 Qg6 20. Rd1 Rc8 21. Bd2 Nd7 22. Bb4 Rc6 23. Nc5 Nbxc5 24. Bxc5 Qxd3 25. Rxd3 f6 26. Rc3 Kf7 27. g3 a5 28. b4 axb4 29. axb4 Rb5 30. Ra1 Nxc5 31. Rxc5 Rcb6 32. Rxb5 Rxb5 33. Rb1 Ke7 34. Kf1 Kd6 35. Ke2 e5 36. Kd3 exd4 37. Kc4 Rf5 38. Rb2 dxe3 39. fxe3 Kc6 40. Ra2 Kb6 1-0

[Event "Mazowiec-chT 1314"]
[Site "Poland"]
[Date "2014.01.12"]
[Round "2.19"]
[White "Sentowski, Sebastian"]
[Black "Zalewski, Daniel"]
[Result "1/2-1/2"]
[WhiteElo "1554"]
[BlackElo "1730"]
[PlyCount "51"]
[EventDate "2014.01.12"]
[EventType "team-tourn"]
[EventRounds "10"]
[EventCountry "POL"]
[SourceTitle "EXT 2019"]
[Source "ChessBase"]
[SourceDate "2018.10.10"]
[SourceVersion "1"]
[SourceVersionDate "2018.10.10"]
[SourceQuality "1"]

1. d4 Nf6 2. c4 e6 3. Nc3 d5 4. Bg5 c6 5. cxd5 exd5 6. Nf3 Bd6 7. e3 Bf5 8. Bd3 Bxd3 9. Qxd3 Nbd7 10. 0-0 0-0 11. Rfc1 Re8 12. a3 h6 13. Bh4 Nf8 14. Qf5 Qd7 15. Qxd7 N8xd7 16. Bxf6 Nxf6 17. Na4 Ne4 18. Nc5 Bxc5 19. dxc5 Rad8 20. b4 a6 21. Nd4 g6 22. a4 Nd2 23. Ra2 Nc4 24. Rb1 Ra8 25. g3 Kg7 26. Nb3 1/2-1/2